| 000 | 01346nam a2200265 a 4500 | ||
|---|---|---|---|
| 020 | _a3920271025 (pbk.) | ||
| 082 | 0 | 0 |
_a625.76 _bROA |
| 245 | 0 | 0 |
_aRoad maintenance handbook : _bpractical guidelines for road maintenance in Africa. |
| 250 | _a1st ed. | ||
| 260 |
_a[Cologne : _bCarl Duisberg Gesellschaft on behalf of Bundesminister für Wirtschaftliche Zusammenarbeit, Bonn, _c1982. |
||
| 300 |
_a3 v. : _bill. (some col.) ; _c19 cm. |
||
| 500 | _aAt head of title: United Nations Economic Commission for Africa. | ||
| 500 | _aVol. 2 published by Transport and Road Research Laboratory, Crowthorne, Berkshire, United Kingdom; v. 3 by Ministère de la coopération et du développement, Paris. | ||
| 505 | 0 | _av. 1. Maintenance of roadside areas, drainage sturctures, and traffic control devices -- v. 2. Unpaved roads -- v. 3. Paved roads. | |
| 526 |
_a0 _b0 _c0 _d625_760000000000000_ROA |
||
| 650 | 0 |
_aMCE _9379 |
|
| 650 | 0 |
_aRoads _xMaintenance and repair _xHandbooks, manuals, etc. _943456 |
|
| 650 | 0 |
_aRoadside improvement _xHandbooks, manuals, etc. _943457 |
|
| 650 | 0 |
_aTraffic signs and signals _xMaintenance and repair _xHandbooks, manuals, etc. _943458 |
|
| 710 | 2 |
_aFrance. _943459 |
|
| 710 | 2 |
_aGermany (West). _943460 |
|
| 710 | 2 |
_aTransport and Road Research Laboratory. _938147 |
|
| 710 | 2 | _aUnited Nations. | |
| 942 |
_2ddc _cBK |
||
| 999 |
_c547263 _d547263 |
||